000 00472nam a2200181Ia 4500
001 17923
005 20260306171552.0
008 260306s9999||||xx |||||||||||||| ||und||
041 _aESP
082 _a658.3
_bD87
100 _aDolan, Simon L
_eAUT
245 0 _aLa gestión de los recursos humanos:
_bpreparando profesionales para el siglo XXI
260 _c2003
300 _a390 páginas :
_c27 cm.
650 _aGEN
654 _aCAN
942 _cLIB
_dJUS
_fJUS
_2ddc
_n
999 _c17923
_d17923